Logo BPK

Biblioteka

Politechniki Koszalińskiej

Beitrag zur Beluftung des Abflussein Tiefauslussen / (Rekord nr 16784)

Szczegóły MARC
000 -ETYKIETA REKORDU
podpole kontrolne o stałej długości 00340nam a2200133 i 4500
001 - NUMER KONTROLNY REKORDU
pole kontrolne bg
040 ## - ŹRÓDŁO KATALOGOWANIA
Instytucja, która utworzyła rekord BPK
041 ## - KOD JĘZYKA
Kod języka tekstu pol
008 - POLE O STAŁEJ DŁUGOŚCI - DANE KONTROLNE
podpole kontrolne o stałej długości s pl f |000 0 pol
100 1# - NAZWA OSOBOWA
Nazwa osobowa WUNDERLICH, Walter
245 #0 - TYTUŁ/ODPOWIEDZIALNOŚĆ
Tytuł Beitrag zur Beluftung des Abflussein Tiefauslussen /
Pozostałe elementy strefy tytułu i oznaczenia odpowiedzialności Walter Wunderlich.
260 ## - STREFA ADRESU WYDAWNICZEGO
Miejsce wydania Karlsruhe,
Data publikacji, dystrybucji/powstania dokumentu 1961.
856 ## - LOKALIZACJA I DOSTĘP DO ELEKTRONICZNYCH DOKUMENTÓW ZDALNYCH
Link (URL) http://koha.tu.koszalin.pl/cgi-bin/koha/opac-detail.pl?biblionumber=16784
Tekst linku Katalog online BPK
942 ## - DODATKOWE ELEMENTY (KOHA)
Typ dokumentu Książka
Egzemplarze
Wycofany Status egzemplarza Uszkodzony Dostępność Lokalizacja stała Lokalizacja bieżąca Miejsce przechowywania Sygnatura Kod kreskowy Typ dokumentu
      Dostępny Biblioteka Politechniki Koszalińskiej Biblioteka Politechniki Koszalińskiej Wypożyczalnia BG 20704 01692464 Książka
© 2023 Biblioteka Politechniki Koszalińskiej :: KOHA